Countries A-Z Where You Should Not Travel - Statistics

General Stats
  • This quiz has been taken 50 times
  • The average score is 19 of 24
Answer Stats
Letter Travel Advisory rating Country % Correct
Y Level 4: Do Not Travel Yemen
96%
A Level 4: Do Not Travel Afghanistan
93%
I Level 4: Do Not Travel Iran, Iraq
93%
O Level 2: Exercise Increased Caution Oman
93%
J Level 2: Exercise Increased Caution Jamaica, Jordan
89%
L Level 4: Do Not Travel Lebanon, Libya
89%
N Level 4: Do Not Travel Niger, North Korea
89%
R Level 4: Do Not Travel Russia
89%
S Level 4: Do Not Travel Somalia, South Sudan, Sudan, Syria
89%
Q Level 1: Exercise Normal Precautions Qatar
87%
Z Level 2: Exercise Increased Caution Zimbabwe
87%
V Level 4: Do Not Travel Venezuela
84%
H Level 4: Do Not Travel Haiti
82%
K Level 2: Exercise Increased Caution Kenya, Kosovo
78%
E Level 3: Reconsider Travel Ethiopia
76%
U Level 4: Do Not Travel Ukraine
76%
D Level 3: Reconsider Travel Democratic Republic of the Congo
73%
M Level 4: Do Not Travel Mali, Myanmar
73%
B Level 4: Do Not Travel Belarus, Burkina Faso
71%
P Level 3: Reconsider Travel Pakistan, Papua New Guinea
71%
F Level 2: Exercise Increased Caution France
69%
G Level 3: Reconsider Travel Guatemala, Guinea-Bissau, Guyana
60%
T Level 3: Reconsider Travel Tanzania, Trinidad and Tobago
56%
C Level 4: Do Not Travel Central African Republic
51%
No matching quizzes found
Score Distribution
Percent of People with Each Score
Percentile by Number Answered
Your Score History
You have not taken this quiz